000 00303nam a22001337a 4500
008 170929b xxu||||| |||| 00| 0 eng d
020 _a9780312596194
041 _aeng
080 _a37
100 _a47
101 _aEDU
245 _aTHE ST.MARTIN'S GUIDE TO WRITING
_cAXELROD, R.B
942 _2udc
_cBK
999 _c30730
_d30730